| 000 | 00595cam a22002053a 4500 | ||
|---|---|---|---|
| 001 | 40355 | ||
| 003 | PGUSA | ||
| 005 | 20140828083912.0 | ||
| 008 | 120727s2012||||xxu|||||s|||||000 | eng d | ||
| 040 |
_aPGUSA _beng |
||
| 042 | _adc | ||
| 100 | 1 |
_aTimmins, H. Thornhill, _d1856-1908 |
|
| 245 | 1 | 0 |
_aNooks and Corners of Shropshire _h[electronic resource] / _cH. Thornhill Timmins |
| 260 |
_bProject Gutenberg, _c2012 |
||
| 506 | _aPublic domain in the USA. | ||
| 516 | _aElectronic text | ||
| 830 | 0 |
_aProject Gutenberg _v40355 |
|
| 856 | 4 | 0 | _uhttp://www.gutenberg.org/ebooks/40355 |
| 942 | _cEB | ||
| 999 |
_c269608 _d269608 |
||